| 000 | 00522nam a2200145 a 4500 | ||
|---|---|---|---|
| 008 | 120416s1997 ||||||||||||||||| || u | ||
| 020 | _a0333660633 | ||
| 050 | _aHF 5415.3 Sta | ||
| 100 | _aStatt, David A | ||
| 245 | 1 | 0 | _aUnderstanding the consumer |
| 246 | _aa psychological approach | ||
| 260 |
_aHoundmills _bMacmillan _c1997 |
||
| 350 | _a0.00 | ||
| 995 |
_D0.00 _FCBU-MAIN LIBRARY (Kitwe) _H1 _I0.00 _M1 _UAVAILABLE _WJul 5, 2006 _ZMain Library Open Access Collection |
||
| 999 |
_c60741 _d60741 |
||